[Event "1.CLZ 24/25,Chess club Pisek-Spartak Vlasim"]
[Site "Pisek"]
[Date "2025.02.16"]
[Round "8.5"]
[White "Havlik, Jan"]
[Black "Dudek, Vojtech"]
[WhiteElo "2348"]
[BlackElo "2152"]
[Result "1-0"]
[PlyCount "163"]

1. e4 c5 2. Nf3 Nc6 3. d4 cxd4 4. Nxd4 g6 5. c4 Bg7 6. Be3 Qb6 7. Nb3 Qd8 8.
Qd2 Nf6 9. Nc3 d6 10. Be2 a5 11. f3 a4 12. Nd4 O-O 13. O-O Qa5 14. Ndb5 Be6 15.
Rac1 Rfc8 16. b3 axb3 17. axb3 Nd7 18. f4 Nc5 19. Rb1 Nb4 20. Bd4 Bxd4+ 21.
Nxd4 Na2 22. b4 Nxb4 23. f5 Na2 24. fxe6 Qxc3 25. exf7+ Kg7 26. Rbd1 Qxd2 27.
Rxd2 Rf8 28. Bg4 Nb4 29. e5 dxe5 30. Ne6+ Nxe6 31. Bxe6 Ra6 32. Rb1 Rxe6 33.
Rxb4 Rxf7 34. Rxb7 Rd6 35. Rbb2 Rf4 36. Rd5 Rxd5 37. cxd5 Rd4 38. Rb5 Kf6 39.
Rb6+ Kf7 40. Rb5 Rd2 41. h3 g5 42. Kh2 h5 43. Kg3 Kf6 44. Kf3 h4 45. Ke4 Re2+
46. Kf3 Ra2 47. Ke4 Ra4+ 48. Ke3 Kf5 49. Rb7 Ra3+ 50. Kf2 Ra2+ 51. Kf1 Rd2 52.
Rxe7 Rxd5 53. Kf2 Ke4 54. Rg7 Rd2+ 55. Kg1 Kf4 56. Rf7+ Ke3 57. Rf5 e4 58. Rxg5
Rd1+ 59. Kh2 Rd4 60. Re5 Kf4 61. Rh5 e3 62. Rxh4+ Ke5 63. Rh8 Re4 64. Kg1 Kd4
65. Rd8+ Kc3 66. Kf1 Rf4+ 67. Ke2 Rf2+ 68. Kxe3 Rxg2 69. Rc8+ Kb4 70. Kf3 Rh2
71. Kg3 Rd2 72. Rf8 Rd3+ 73. Kg4 Rd1 74. Rf5 Rg1+ 75. Kh5 Kc4 76. h4 Kd4 77.
Kh6 Ke4 78. Rg5 Rh1 79. h5 Kf4 80. Kg6 Ra1 81. Rf5+ Kg4 82. h6 1-0

[Event "1.CLZ 24/25,Chess club Pisek-Spartak Vlasim"]
[Site "Pisek"]
[Date "2025.02.16"]
[Round "8.6"]
[White "Vojta, Tomas"]
[Black "Mametev, Artem"]
[WhiteElo "2339"]
[BlackElo "2155"]
[Result "1/2-1/2"]
[PlyCount "86"]

1. e4 c5 2. f4 d5 3. exd5 Nf6 4. Nf3 Nxd5 5. Nc3 Nxc3 6. bxc3 g6 7. Ne5 Bg7 8.
Bc4 O-O 9. O-O Qc7 10. Qe2 Nc6 11. Re1 Nxe5 12. fxe5 Be6 13. Bxe6 fxe6 14. Qc4
Rf5 15. d4 Qc6 16. Be3 Raf8 17. Rf1 Qe4 18. Qd3 Qxd3 19. cxd3 cxd4 20. Rxf5
exf5 21. Bxd4 Rd8 22. Rb1 b6 23. Rb5 Kf7 24. a4 Ke6 25. a5 Rd5 26. Rxd5 Kxd5
27. axb6 axb6 28. Bxb6 Bxe5 29. c4+ Kc6 30. Be3 Bc7 31. d4 e6 32. g3 Bb6 33.
Kf2 Bd8 34. Bf4 Bf6 35. Ke3 g5 36. Bb8 h5 37. h3 Bg7 38. Ba7 Bf8 39. Bb8 Bg7
40. h4 Bf6 41. hxg5 Bxg5+ 42. Bf4 Bf6 43. Bb8 h4 1/2-1/2

[Event "1.CLZ 24/25,Chess club Pisek-Spartak Vlasim"]
[Site "Pisek"]
[Date "2025.02.16"]
[Round "8.7"]
[White "Janous, Marek"]
[Black "Krizek, Krystof"]
[WhiteElo "2228"]
[BlackElo "1994"]
[Result "1-0"]
[PlyCount "55"]

1. e4 d6 2. d4 Nf6 3. Nc3 c6 4. f4 Qa5 5. Bd3 e5 6. Nf3 exd4 7. Nxd4 Qb6 8. Be2
Nbd7 9. a3 Nc5 10. Bf3 Ne6 11. Nf5 Qc7 12. O-O g6 13. Ng3 Be7 14. Be3 O-O 15.
Qe2 b6 16. Rae1 a5 17. Qf2 Ba6 18. Nge2 Rab8 19. g4 Rfe8 20. f5 Nf8 21. g5 N6d7
22. f6 Bd8 23. Qh4 Ne5 24. Qh6 Ne6 25. Bf4 b5 26. Bxe5 dxe5 27. Bg4 Rf8 28. Rf3
 1-0

[Event "1.CLZ 24/25,Chess club Pisek-Spartak Vlasim"]
[Site "Pisek"]
[Date "2025.02.16"]
[Round "8.8"]
[White "Hradecky, Ivo"]
[Black "Novotny, Michal"]
[WhiteElo "2009"]
[BlackElo "2184"]
[Result "0-1"]
[PlyCount "36"]

1. d4 Nf6 2. c4 g6 3. Nc3 d5 4. cxd5 Nxd5 5. e4 Nxc3 6. bxc3 Bg7 7. Qa4+ Nd7 8.
Nf3 O-O 9. Be2 c5 10. O-O Nb6 11. Qa3 Bg4 12. Qxc5 Na4 13. Qb4 Bxf3 14. Bxf3
Nxc3 15. Be3 Rc8 16. Rfc1 a5 17. Qxb7 Rc7 18. Qb6 Ne2+ 0-1

[Event "1.CLZ 24/25,Lysa nad Labem B-Ricany 1925"]
[Site "Lysa nad Labem"]
[Date "2025.02.16"]
[Round "8.1"]
[White "Vykouk, Jan"]
[Black "Nemec, Jachym"]
[WhiteElo "2478"]
[BlackElo "2433"]
[Result "0-1"]
[PlyCount "66"]

1. d4 Nf6 2. Bf4 d5 3. e3 c5 4. Nf3 Nc6 5. c3 e6 6. Nbd2 cxd4 7. exd4 Nh5 8.
Bg5 f6 9. Be3 Bd6 10. Bd3 g6 11. Qc2 Ne7 12. O-O-O Bd7 13. Kb1 Rc8 14. g4 Nf4
15. Bxf4 Bxf4 16. Rde1 Nc6 17. h4 Kf8 18. Qb3 e5 19. dxe5 fxe5 20. h5 Bxg4 21.
hxg6 h5 22. c4 d4 23. Qxb7 Rc7 24. Qb5 Kg7 25. Be4 Qf6 26. Bxc6 Rxc6 27. Nxe5
Rb6 28. Qa5 Rhb8 29. Nb3 Bf5+ 30. Ka1 h4 31. Nxd4 Rxb2 32. Qc7+ Kf8 33. Nb3
Rb1+ 0-1

[Event "1.CLZ 24/25,Lysa nad Labem B-Ricany 1925"]
[Site "Lysa nad Labem"]
[Date "2025.02.16"]
[Round "8.2"]
[White "Smolik, Jachym"]
[Black "Pulpan, Jakub"]
[WhiteElo "2325"]
[BlackElo "2404"]
[Result "1/2-1/2"]
[PlyCount "56"]

1. Nf3 d5 2. e3 Nf6 3. c4 e6 4. Nc3 Be7 5. b3 c5 6. cxd5 exd5 7. d4 O-O 8. Bb2
a6 9. Be2 Nc6 10. dxc5 Bxc5 11. O-O Bf5 12. Rc1 Ba7 13. Na4 Ne4 14. Bxa6 Bxe3
15. Bxb7 Nxf2 16. Rxf2 Rxa4 17. Bxc6 Bxf2+ 18. Kxf2 Rxa2 19. Qd4 Qf6 20. Ne5
Be4+ 21. Kg1 Qg5 22. g3 Rxb2 23. Qxb2 f6 24. Nd7 Qe3+ 25. Kf1 Bd3+ 26. Kg2 Be4+
27. Kf1 Bd3+ 28. Kg2 Be4+ 1/2-1/2

[Event "1.CLZ 24/25,Lysa nad Labem B-Ricany 1925"]
[Site "Lysa nad Labem"]
[Date "2025.02.16"]
[Round "8.3"]
[White "Cerveny, Martin"]
[Black "Seidl, Jan"]
[WhiteElo "2331"]
[BlackElo "2268"]
[Result "0-1"]
[PlyCount "88"]

1. d4 d5 2. c4 e6 3. Nc3 Nf6 4. Bg5 c6 5. e3 Nbd7 6. Qc2 Bd6 7. Rd1 h6 8. Bh4
a6 9. Nf3 b5 10. cxd5 cxd5 11. Bd3 Bb7 12. O-O O-O 13. Bg3 Qe7 14. a3 Rfc8 15.
Qb3 Bxg3 16. hxg3 Nb6 17. Rc1 Ne4 18. Bxe4 dxe4 19. Nd2 Bd5 20. Qb4 Qxb4 21.
axb4 f5 22. Ra1 Nc4 23. Nxd5 exd5 24. Nb3 Nxb2 25. Nc5 Nd3 26. Nxa6 Rc4 27. Nc5
Rxa1 28. Rxa1 Rxb4 29. Rd1 Kf7 30. Nxd3 exd3 31. Rxd3 Rb1+ 32. Kh2 b4 33. g4
fxg4 34. Kg3 h5 35. Rd2 g5 36. Ra2 b3 37. Ra6 b2 38. Rb6 Ke7 39. Rb3 Ke6 40.
Rb5 Kf6 41. Kh2 h4 42. Rb6+ Kf5 43. Rb5 Ke4 44. Rb3 Rf1 0-1

[Event "1.CLZ 24/25,Lysa nad Labem B-Ricany 1925"]
[Site "Lysa nad Labem"]
[Date "2025.02.16"]
[Round "8.4"]
[White "Prazak, Daniel"]
[Black "Suran, Jan"]
[WhiteElo "2319"]
[BlackElo "2372"]
[Result "1/2-1/2"]
[PlyCount "39"]

1. e4 c5 2. Nf3 Nc6 3. d4 cxd4 4. Nxd4 e5 5. Nb5 d6 6. c4 Be7 7. N1c3 a6 8. Na3
Be6 9. Be2 Bg5 10. Nc2 Bxc1 11. Rxc1 Nf6 12. O-O O-O 13. b4 Qb6 14. a3 Rac8 15.
c5 dxc5 16. Na4 Qc7 17. Nxc5 Qe7 18. Qd3 Rfd8 19. Qe3 a5 20. Bb5 1/2-1/2

[Event "1.CLZ 24/25,Lysa nad Labem B-Ricany 1925"]
[Site "Lysa nad Labem"]
[Date "2025.02.16"]
[Round "8.5"]
[White "Mikes, Jan"]
[Black "Trickov, Vasil"]
[WhiteElo "2357"]
[BlackElo "2301"]
[Result "1/2-1/2"]
[PlyCount "70"]

1. e4 c5 2. Nf3 d6 3. d4 Nf6 4. Nc3 cxd4 5. Nxd4 a6 6. Rg1 e5 7. Nb3 Be6 8. g4
d5 9. exd5 Nxd5 10. Nxd5 Qxd5 11. Qxd5 Bxd5 12. Be3 Nc6 13. c3 h5 14. g5 f5 15.
gxf6 gxf6 16. Be2 Rd8 17. O-O-O Be6 18. h4 Rxd1+ 19. Bxd1 Bg4 20. Nd2 Bxd1 21.
Kxd1 f5 22. b4 Be7 23. a4 Bxh4 24. Nc4 Be7 25. b5 axb5 26. axb5 Nd8 27. Nxe5
Nf7 28. Nf3 Nd6 29. Bd4 Rh7 30. b6 h4 31. Be5 h3 32. Ke2 Nc4 33. Bc7 Bd6 34.
Rh1 Bxc7 35. bxc7 Kd7 1/2-1/2

[Event "1.CLZ 24/25,Lysa nad Labem B-Ricany 1925"]
[Site "Lysa nad Labem"]
[Date "2025.02.16"]
[Round "8.6"]
[White "Ocelak, Jakub"]
[Black "Spacek, Petr"]
[WhiteElo "2237"]
[BlackElo "2273"]
[Result "1/2-1/2"]
[PlyCount "69"]

1. d4 d5 2. Nf3 Nf6 3. c4 e6 4. g3 Be7 5. Bg2 O-O 6. O-O c6 7. Nc3 b6 8. b3 Bb7
9. Nd2 Nbd7 10. e4 dxe4 11. Ndxe4 Nxe4 12. Nxe4 Nf6 13. Bb2 Rb8 14. Qc2 c5 15.
dxc5 Bxe4 16. Bxe4 Bxc5 17. Rad1 Qe7 18. Bxf6 Qxf6 19. Bxh7+ Kh8 20. Be4 Rfd8
21. Qe2 Kg8 22. Kg2 Rxd1 23. Rxd1 Rd8 24. Rxd8+ Qxd8 25. Qd3 Qxd3 26. Bxd3 f6
27. f4 f5 28. g4 fxg4 29. Kg3 Kf7 30. Kxg4 Kf6 31. h4 g6 32. h5 gxh5+ 33. Kxh5
a5 34. Kg4 Ke7 35. Kf3 1/2-1/2

[Event "1.CLZ 24/25,Lysa nad Labem B-Ricany 1925"]
[Site "Lysa nad Labem"]
[Date "2025.02.16"]
[Round "8.7"]
[White "Juptner, Jan"]
[Black "Braun, Marek"]
[WhiteElo "2258"]
[BlackElo "2154"]
[Result "1-0"]
[PlyCount "63"]

1. d4 d5 2. c4 c6 3. Nf3 e6 4. Qc2 f5 5. g3 Nf6 6. Bg2 Be7 7. O-O O-O 8. b3 b5
9. cxd5 cxd5 10. Bf4 Bb7 11. Ne5 Qb6 12. Qb2 Nbd7 13. Nxd7 Nxd7 14. Nd2 g5 15.
Be5 Nxe5 16. dxe5 b4 17. Nf3 Rac8 18. Rac1 Ba6 19. Qd2 g4 20. Nd4 Kg7 21. Rfd1
h6 22. Rxc8 Rxc8 23. Bxd5 exd5 24. Nxf5+ Kf8 25. Qf4 Bg5 26. Qxg4 Rc2 27. Nd4
Rxa2 28. h4 Be7 29. Ne6+ Kf7 30. Qf5+ Ke8 31. Rxd5 Ra1+ 32. Kh2 1-0

[Event "1.CLZ 24/25,Lysa nad Labem B-Ricany 1925"]
[Site "Lysa nad Labem"]
[Date "2025.02.16"]
[Round "8.8"]
[White "Le, Anh"]
[Black "Topencik, Bruno"]
[WhiteElo "2217"]
[BlackElo "2153"]
[Result "1-0"]
[PlyCount "85"]

1. d4 Nf6 2. Nc3 d5 3. Bf4 a6 4. e3 e6 5. a3 Bd6 6. Nf3 Bxf4 7. exf4 b6 8. Bd3
c5 9. O-O O-O 10. Re1 Nc6 11. Bf1 Bb7 12. Ne2 Rc8 13. c3 Ne4 14. Ne5 a5 15. Ng3
cxd4 16. Nxc6 Bxc6 17. Qxd4 Nxg3 18. hxg3 Qc7 19. Bd3 Bd7 20. g4 Rfd8 21. Re3
g6 22. f5 exf5 23. gxf5 Re8 24. Rxe8+ Rxe8 25. fxg6 hxg6 26. Qxd5 Bc6 27. Qd4
Rd8 28. Qe3 Re8 29. Qg5 Re5 30. Qg3 Qe7 31. Bf1 Rg5 32. Qe3 Qf6 33. Rd1 Kh7 34.
Rd4 Re5 35. Qd2 Qe7 36. b4 axb4 37. axb4 Rg5 38. Rh4+ Kg7 39. Qd4+ f6 40. Rg4
Rd5 41. Qxb6 Bb7 42. Rd4 Rg5 43. Qd8 1-0

[Event "1.CLZ 24/25,DP Praha-Zikuda Turnov B"]
[Site "Praha"]
[Date "2025.02.16"]
[Round "8.1"]
[White "Sulypa, Oleksandr"]
[Black "Haba, Petr"]
[WhiteElo "2455"]
[BlackElo "2442"]
[Result "1/2-1/2"]
[PlyCount "27"]

1. e4 e5 2. Nf3 Nc6 3. Bb5 a6 4. Ba4 Nf6 5. O-O b5 6. Bb3 Bc5 7. a4 Rb8 8. axb5
axb5 9. c3 d6 10. d4 Bb6 11. Na3 O-O 12. Nxb5 Bg4 13. Be3 Re8 14. h3 1/2-1/2

[Event "1.CLZ 24/25,DP Praha-Zikuda Turnov B"]
[Site "Praha"]
[Date "2025.02.16"]
[Round "8.2"]
[White "Cech, Pavel"]
[Black "Burdalev, Kirill"]
[WhiteElo "2312"]
[BlackElo "2342"]
[Result "1-0"]
[PlyCount "43"]

1. d4 d5 2. c4 dxc4 3. e3 Nf6 4. Bxc4 e6 5. Nf3 c5 6. O-O Be7 7. dxc5 Bxc5 8.
Qxd8+ Kxd8 9. a3 Ke7 10. b4 Bd6 11. Bb2 Nbd7 12. Nc3 Nb6 13. Bd3 Rd8 14. Rfd1
Bd7 15. Nb5 Bxb5 16. Bxb5 Rac8 17. Bd4 Nbd5 18. Rdc1 Rxc1+ 19. Rxc1 a5 20. bxa5
Bxa3 21. Rb1 Bb4 22. Rxb4 1-0

[Event "1.CLZ 24/25,DP Praha-Zikuda Turnov B"]
[Site "Praha"]
[Date "2025.02.16"]
[Round "8.3"]
[White "Plischki, Sebastian"]
[Black "Sodoma, Jan"]
[WhiteElo "2314"]
[BlackElo "2342"]
[Result "0-1"]
[PlyCount "52"]

1. d4 Nf6 2. c4 e6 3. Nc3 Bb4 4. Nf3 b6 5. e3 Bb7 6. Bd3 O-O 7. Bd2 d5 8. cxd5
exd5 9. O-O a6 10. Rc1 Bd6 11. Ne5 c5 12. f4 Nc6 13. Be1 cxd4 14. Nxc6 Bxc6 15.
Ne2 Bd7 16. Nxd4 Re8 17. Bf2 Bc5 18. Bb1 Ne4 19. Qd3 g6 20. a3 Bb5 21. Nxb5
Nxf2 22. Rxf2 Bxe3 23. Rd1 axb5 24. Qxd5 Bxf2+ 25. Kxf2 Qh4+ 26. Kf3 Rad8 0-1

[Event "1.CLZ 24/25,DP Praha-Zikuda Turnov B"]
[Site "Praha"]
[Date "2025.02.16"]
[Round "8.4"]
[White "Vitak, Jiri"]
[Black "Pachmann, Ales"]
[WhiteElo "2284"]
[BlackElo "2268"]
[Result "1-0"]
[PlyCount "93"]

1. d4 Nf6 2. c4 g6 3. Nc3 Bg7 4. e4 O-O 5. Be3 d6 6. f3 Nfd7 7. Nge2 c5 8. d5
Qa5 9. Qd2 Ne5 10. Nc1 Nbd7 11. Nb3 Qb4 12. Nb5 Qxd2+ 13. Nxd2 Nb6 14. a4 Bd7
15. Be2 a6 16. Nc3 f5 17. a5 f4 18. Bf2 Nc8 19. Kd1 e6 20. Kc2 Ne7 21. Rhb1
exd5 22. cxd5 Rac8 23. Ra3 c4 24. b4 g5 25. b5 Nd3 26. bxa6 bxa6 27. Bxd3 cxd3+
28. Kxd3 Ng6 29. Bd4 Rc7 30. Nc4 Bxd4 31. Kxd4 g4 32. Nxd6 Nh4 33. fxg4 Nxg2
34. e5 f3 35. Nce4 f2 36. Rf1 Ne1 37. Rc3 Nc2+ 38. Rxc2 Rxc2 39. e6 Ba4 40. e7
Rb8 41. Rxf2 Rb4+ 42. Ke5 Rxf2 43. Nxf2 Rb2 44. Nfe4 Rxh2 45. Nc5 Re2+ 46. Kf6
Rf2+ 47. Nf5 1-0

[Event "1.CLZ 24/25,DP Praha-Zikuda Turnov B"]
[Site "Praha"]
[Date "2025.02.16"]
[Round "8.5"]
[White "Fedorov, Evgenii"]
[Black "Liska, Jiri"]
[WhiteElo "2238"]
[BlackElo "2284"]
[Result "1/2-1/2"]
[PlyCount "42"]

1. e4 c5 2. Nf3 Nc6 3. d4 cxd4 4. Nxd4 Nf6 5. Nc3 e5 6. Ndb5 d6 7. Bg5 a6 8.
Na3 b5 9. Bxf6 gxf6 10. Nd5 Bg7 11. g3 O-O 12. Bg2 Ne7 13. Nxe7+ Qxe7 14. O-O
Rb8 15. c3 f5 16. exf5 Bxf5 17. Nc2 Qd7 18. Nb4 Rb6 19. Nd5 Rbb8 20. Nb4 Rb6
21. Nd5 Rbb8 1/2-1/2

[Event "1.CLZ 24/25,DP Praha-Zikuda Turnov B"]
[Site "Praha"]
[Date "2025.02.16"]
[Round "8.6"]
[White "Zima, Jan"]
[Black "Haase, Pavel"]
[WhiteElo "2213"]
[BlackElo "2133"]
[Result "1/2-1/2"]
[PlyCount "80"]

1. e4 c5 2. Nf3 d6 3. Bb5+ Bd7 4. Bxd7+ Qxd7 5. O-O Nc6 6. c3 d5 7. exd5 Qxd5
8. d4 Rd8 9. Qa4 cxd4 10. Nxd4 e5 11. Nxc6 Qxc6 12. Qxc6+ bxc6 13. Re1 f6 14.
Be3 Rd7 15. Nd2 Ne7 16. Nb3 Nf5 17. Bd2 Bd6 18. Rad1 O-O 19. Bc1 Rfd8 20. Kf1
h5 21. Re4 Bc7 22. Rxd7 Rxd7 23. Ke2 Bb6 24. Rc4 Ne7 25. a4 Rd5 26. Rb4 Nf5 27.
c4 Rd7 28. c5 Bd8 29. Rb8 Kf7 30. Be3 Ke6 31. Nd2 Kd5 32. b4 a5 33. bxa5 Nxe3
34. Kxe3 Bxa5 35. Nb3 Ra7 36. Kd3 e4+ 37. Ke3 Bc3 38. Rd8+ Kc4 39. Nd4 Kxc5 40.
Ne6+ Kb4 1/2-1/2

[Event "1.CLZ 24/25,DP Praha-Zikuda Turnov B"]
[Site "Praha"]
[Date "2025.02.16"]
[Round "8.7"]
[White "Pribyl, Josef"]
[Black "Sykora, Marek"]
[WhiteElo "2184"]
[BlackElo "2216"]
[Result "0-1"]
[PlyCount "86"]

1. c4 e5 2. Nc3 Nc6 3. g3 g6 4. Bg2 Bg7 5. e3 d6 6. Nge2 f5 7. d4 e4 8. Nf4 Nf6
9. h4 Ne7 10. f3 exf3 11. Bxf3 c6 12. Bd2 Bd7 13. Qb3 Qb6 14. Qa3 Qc7 15. O-O-O
O-O 16. Kb1 a6 17. h5 g5 18. h6 Bh8 19. Nh5 Be6 20. d5 cxd5 21. Nxf6+ Bxf6 22.
Nxd5 Nxd5 23. cxd5 Bf7 24. Rc1 Qd7 25. Bc3 Bg6 26. Bxf6 Rxf6 27. Qc3 Qe7 28.
Ka1 Re8 29. g4 Qe5 30. Qxe5 Rxe5 31. Rc8+ Rf8 32. Rxf8+ Kxf8 33. gxf5 Bxf5 34.
Rf1 Ke7 35. Re1 Kf6 36. b3 g4 37. Bg2 Kg5 38. e4 Bg6 39. Kb2 Kxh6 40. Kc3 Kg5
41. Kd4 h5 42. Rc1 h4 43. Rg1 h3 0-1

[Event "1.CLZ 24/25,DP Praha-Zikuda Turnov B"]
[Site "Praha"]
[Date "2025.02.16"]
[Round "8.8"]
[White "Vltavsky, Vladimir"]
[Black "Hajiyev, Kanan"]
[WhiteElo "2103"]
[BlackElo "2188"]
[Result "1/2-1/2"]
[PlyCount "103"]

1. e4 a6 2. d4 c6 3. Nf3 d5 4. e5 Bg4 5. h3 Bxf3 6. Qxf3 e6 7. Bd3 c5 8. dxc5
Nd7 9. Qe2 Qc7 10. f4 Bxc5 11. c3 Ne7 12. Nd2 b5 13. Nb3 Ba7 14. a4 O-O 15. Be3
bxa4 16. Rxa4 Bxe3 17. Qxe3 Rfb8 18. Ra3 a5 19. O-O g6 20. Rfa1 a4 21. Qf2 Nc6
22. Nd4 Nxd4 23. cxd4 Qb7 24. Rxa4 Rxa4 25. Rxa4 Qxb2 26. Ra7 Qc1+ 27. Kh2 Qc6
28. Qh4 Rf8 29. Qe7 Qc3 30. Rxd7 Qxd4 31. Rd8 Qxf4+ 32. Kh1 Rxd8 33. Qxd8+ Kg7
34. Qc7 h5 35. Bb5 g5 36. Qc3 d4 37. Qe1 g4 38. g3 Qf3+ 39. Kh2 gxh3 40. Kxh3
d3 41. Kh2 Qd5 42. Qe3 Qxb5 43. Qg5+ Kf8 44. Qd8+ Qe8 45. Qxd3 Kg7 46. Qf3 f5
47. exf6+ Kg6 48. Kh3 Qd7 49. Qe4+ Kxf6 50. Qf4+ Kg6 51. Qe4+ Kh6 52. Qf4+
 1/2-1/2

[Event "1.CLZ 24/25,TJ Neratovice-TJ Pankrac"]
[Site "Neratovice"]
[Date "2025.02.16"]
[Round "8.1"]
[White "Cheraghi, Amin"]
[Black "Jirovsky, Milos"]
[WhiteElo "2337"]
[BlackElo "2410"]
[Result "1-0"]
[PlyCount "83"]

1. Nf3 d5 2. e3 Nf6 3. c4 e6 4. Nc3 a6 5. b3 Bd6 6. Bb2 O-O 7. Be2 b6 8. cxd5
exd5 9. O-O Bb7 10. Qc2 Re8 11. Rac1 Nbd7 12. Rfe1 Rc8 13. Qf5 Qe7 14. d4 Qe6
15. Bd3 g6 16. Qg5 Be7 17. Qh6 Ng4 18. Qh3 f5 19. e4 Qf7 20. Nxd5 Bxd5 21. exd5
Bd6 22. Re6 b5 23. Ng5 Qg7 24. Rce1 Ngf6 25. a4 Nf8 26. Rxe8 Rxe8 27. Rxe8 Nxe8
28. axb5 axb5 29. Bxb5 Nf6 30. Ne6 Qe7 31. Qf3 Ne4 32. g3 Nd7 33. Bc1 Nb6 34.
Bc6 Qf6 35. h4 Qe7 36. Kg2 Bb4 37. Qe2 Ba3 38. Bf4 Nc3 39. Qf3 Ne4 40. Bxc7 Nd7
41. Qd3 Nef6 42. Bf4 1-0

[Event "1.CLZ 24/25,TJ Neratovice-TJ Pankrac"]
[Site "Neratovice"]
[Date "2025.02.16"]
[Round "8.2"]
[White "Eret, Matous"]
[Black "Paulus, Vaclav"]
[WhiteElo "2304"]
[BlackElo "2124"]
[Result "1-0"]
[PlyCount "63"]

1. c4 Nf6 2. Nf3 e6 3. b3 b6 4. Bb2 Bb7 5. g3 d5 6. Bg2 d4 7. O-O c5 8. e3 d3
9. Ne5 Bxg2 10. Kxg2 Na6 11. Qf3 Rc8 12. Qb7 Nc7 13. Nc6 Qd7 14. Nxa7 Ra8 15.
Be5 Rxa7 16. Qxa7 Qc6+ 17. f3 Na8 18. Na3 Nd7 19. Nb5 f6 20. Bc3 Be7 21. Qxa8+
Qxa8 22. Nc7+ Kf7 23. Nxa8 Rxa8 24. a4 Bd8 25. e4 Bc7 26. f4 Rd8 27. Rf3 Nb8
28. a5 Ke7 29. axb6 Bxb6 30. Ba5 Rd6 31. Bxb6 Rxb6 32. Ra7+ 1-0

[Event "1.CLZ 24/25,TJ Neratovice-TJ Pankrac"]
[Site "Neratovice"]
[Date "2025.02.16"]
[Round "8.3"]
[White "Orsag, Milan"]
[Black "Dolezal, Radoslav"]
[WhiteElo "2222"]
[BlackElo "2332"]
[Result "1/2-1/2"]
[PlyCount "61"]

1. d4 Nf6 2. c4 e6 3. Nf3 d5 4. Nc3 c6 5. e3 Nbd7 6. Qc2 Be7 7. Bd3 a6 8. a4 a5
9. O-O Qc7 10. Bd2 h6 11. Rac1 O-O 12. h3 Re8 13. Rfe1 Bf8 14. e4 dxe4 15. Nxe4
b6 16. Ne5 Nxe5 17. dxe5 Nxe4 18. Bxe4 Bb7 19. Bc3 Red8 20. Rcd1 c5 21. f4 Bxe4
22. Qxe4 Rxd1 23. Rxd1 Rd8 24. Qc2 Rxd1+ 25. Qxd1 Qc6 26. Qc2 g6 27. b3 h5 28.
Qd3 Be7 29. Be1 Kf8 30. Kf1 Ke8 31. Kg1 1/2-1/2

[Event "1.CLZ 24/25,TJ Neratovice-TJ Pankrac"]
[Site "Neratovice"]
[Date "2025.02.16"]
[Round "8.4"]
[White "Matras, Ondrej"]
[Black "Sulc, Jakub"]
[WhiteElo "2104"]
[BlackElo "2114"]
[Result "1-0"]
[PlyCount "63"]

1. d4 Nf6 2. c4 e6 3. Nc3 Bb4 4. e3 O-O 5. Nge2 d5 6. a3 Be7 7. Ng3 c5 8. dxc5
dxc4 9. Qc2 Bxc5 10. Bxc4 Nbd7 11. O-O a6 12. Rd1 Qc7 13. Be2 Be7 14. Bd2 b5
15. Rac1 Nb6 16. Bf3 Bb7 17. Nd5 Nfxd5 18. Qxc7 Nxc7 19. Bxb7 Ra7 20. Rxc7 Bd8
21. Rc6 Rxb7 22. Ba5 Rd7 23. Rxd7 Nxd7 24. Bb4 Nb8 25. Rc2 Nd7 26. Rd2 Bf6 27.
Rxd7 Rc8 28. Bc3 Bxc3 29. bxc3 f5 30. Ne2 Rc6 31. f4 g5 32. g3 1-0

[Event "1.CLZ 24/25,TJ Neratovice-TJ Pankrac"]
[Site "Neratovice"]
[Date "2025.02.16"]
[Round "8.5"]
[White "Mik, Tomas"]
[Black "Postupa, Pavel"]
[WhiteElo "2081"]
[BlackElo "2131"]
[Result "1/2-1/2"]
[PlyCount "202"]

1. e4 c5 2. Nf3 d6 3. d4 cxd4 4. Nxd4 Nf6 5. Nc3 a6 6. Be2 e5 7. Nb3 Be6 8. O-O
Be7 9. f4 exf4 10. Bxf4 Nc6 11. Qe1 O-O 12. Kh1 Ne5 13. Qg3 Nfd7 14. Rad1 Qc7
15. Nd4 Rfe8 16. Bg5 Bf8 17. Nf5 Kh8 18. Bd3 Rac8 19. Qh4 Qb6 20. Bc1 Nc5 21.
Ne3 Ncxd3 22. cxd3 Qd4 23. Nc2 Qb6 24. Ne3 Qa5 25. d4 Ng6 26. Qf2 f6 27. Bd2
Qb4 28. Be1 Bc4 29. Ncd5 Qb5 30. Nxc4 Rxc4 31. b3 Rc2 32. Bd2 Rxe4 33. Nc3 Rxc3
34. Bxc3 d5 35. Rfe1 Bd6 36. Rxe4 dxe4 37. d5 Nf4 38. Rd4 e3 39. Qxe3 Qf1+ 40.
Qg1 Qxg1+ 41. Kxg1 Bc5 42. Kf1 Bxd4 43. Bxd4 Nxd5 44. Ke2 Kg8 45. Kf3 Kf7 46.
Ke4 Ke6 47. h4 h5 48. a3 g6 49. g3 Ne7 50. Be3 Nf5 51. Bf4 Nd6+ 52. Kd4 Nc8 53.
a4 Nb6 54. a5 Nd7 55. b4 Ne5 56. Ke4 Nf7 57. Kd4 g5 58. hxg5 fxg5 59. Bb8 Nd8
60. Kc5 Nc6 61. Bc7 Kd7 62. Kb6 Kc8 63. Bd6 Nd4 64. Be5 Nf3 65. Bd6 h4 66. gxh4
gxh4 67. b5 axb5 68. Kxb5 Nd4+ 69. Kb6 h3 70. Bf4 Ne2 71. Be5 Nc3 72. Bh2 Nd5+
73. Kc5 Nf6 74. Kb6 Nd7+ 75. Kb5 Kd8 76. Bg3 Ke7 77. Bh2 Ke6 78. Bg3 Kd5 79.
Bh2 Ke4 80. Bg3 Kf3 81. Bc7 Ke4 82. Bh2 Ne5 83. Kb6 Nc4+ 84. Kb5 Kd5 85. Bg3
Kd4 86. Bh2 Ne5 87. Kb6 Nc4+ 88. Kb5 Kd3 89. Bg3 Kd4 90. Bh2 Kd5 91. Bg3 Ne5
92. Kb6 Nc6 93. Bh2 Kc4 94. Bd6 Nxa5 95. Kxa5 b5 96. Be5 Kc5 97. Bh2 Kc4 98.
Be5 b4 99. Ka4 Kd5 100. Bh2 Kc4 101. Be5 b3 1/2-1/2

[Event "1.CLZ 24/25,TJ Neratovice-TJ Pankrac"]
[Site "Neratovice"]
[Date "2025.02.16"]
[Round "8.6"]
[White "Petr, Jan"]
[Black "Novotny, Martin"]
[WhiteElo "2047"]
[BlackElo "2102"]
[Result "0-1"]
[PlyCount "70"]

1. e4 c5 2. Nf3 Nc6 3. Bb5 g6 4. O-O Bg7 5. Bxc6 bxc6 6. Re1 Nf6 7. d3 O-O 8.
Be3 d6 9. h3 Rb8 10. Nbd2 Nd7 11. e5 Nxe5 12. Nxe5 Bxe5 13. Bxc5 Bxb2 14. Bxa7
Bxa1 15. Qxa1 Ra8 16. Be3 f6 17. Qc3 Qc7 18. Bh6 Rf7 19. Qb3 d5 20. c4 Rb8 21.
Qa3 e5 22. d4 e4 23. cxd5 cxd5 24. Rc1 Qe7 25. Qg3 Ra8 26. Bf4 Be6 27. Bd6 Qa7
28. Nb3 Bf5 29. Qf4 Qa6 30. Bc5 Qe2 31. g4 Bd7 32. a3 Qd3 33. Nd2 Qxh3 34. Qd6
Qxg4+ 35. Kf1 Bb5+ 0-1

[Event "1.CLZ 24/25,Sokol Vysehrad-Slavoj Litomerice"]
[Site "Praha"]
[Date "2025.02.16"]
[Round "8.1"]
[White "Vlasak, Lukas"]
[Black "Petr, Martin"]
[WhiteElo "2449"]
[BlackElo "2475"]
[Result "1/2-1/2"]
[PlyCount "96"]

1. d4 d5 2. c4 e6 3. Nf3 c6 4. Nbd2 Nf6 5. g3 Be7 6. Bg2 O-O 7. O-O b6 8. b3
Bb7 9. Bb2 Nbd7 10. e3 c5 11. Qe2 dxc4 12. Nxc4 b5 13. Nce5 Qb6 14. Nxd7 Nxd7
15. dxc5 Bxc5 16. Rfd1 Rfd8 17. Rac1 Nf8 18. Ne5 Bxg2 19. Kxg2 f6 20. Nd3 Be7
21. Bd4 Qb7+ 22. Qf3 Qxf3+ 23. Kxf3 a5 24. Bc5 Kf7 25. Bxe7 Kxe7 26. Rc5 b4 27.
Ke2 Rdc8 28. Rdc1 Rxc5 29. Rxc5 Kd6 30. Rc2 Nd7 31. Nb2 Nb6 32. Nc4+ Nxc4 33.
Rxc4 h5 34. h4 e5 35. f4 exf4 36. gxf4 g5 37. Rd4+ Ke6 38. hxg5 fxg5 39. Re4+
Kf6 40. Re5 gxf4 41. Rxh5 Re8 42. Rxa5 Rxe3+ 43. Kf2 Rd3 44. a3 bxa3 45. Rxa3
Kf5 46. Ra8 Rxb3 47. Rf8+ Ke4 48. Re8+ Kf5 1/2-1/2

[Event "1.CLZ 24/25,Sokol Vysehrad-Slavoj Litomerice"]
[Site "Praha"]
[Date "2025.02.16"]
[Round "8.2"]
[White "Hollan, Martin"]
[Black "Vavra, Pavel"]
[WhiteElo "2324"]
[BlackElo "2295"]
[Result "1/2-1/2"]
[PlyCount "77"]

1. e4 c6 2. d4 d5 3. e5 Bf5 4. h4 h5 5. Bd3 Bxd3 6. Qxd3 Qa5+ 7. b4 Qa6 8. Qf3
e6 9. c3 Ne7 10. Bg5 Nf5 11. Ne2 Nd7 12. O-O c5 13. bxc5 f6 14. c6 Qxc6 15.
exf6 gxf6 16. Bf4 Nxh4 17. Qh3 Nf5 18. Nd2 Bd6 19. c4 dxc4 20. d5 Qxd5 21. Rad1
Ne5 22. Bxe5 Bxe5 23. Nf3 Qe4 24. Nxe5 Qxe5 25. Rfe1 Rd8 26. Rc1 Rd3 27. Ng3
Rxg3 28. fxg3 Qc5+ 29. Kh2 Kf7 30. Re4 b5 31. Rce1 c3 32. Rxe6 c2 33. R6e5 Qxe5
34. Rxe5 c1=Q 35. Qxf5 h4 36. Qd7+ Kg6 37. Qg4+ Kf7 38. Qd7+ Kg6 39. Qg4+
 1/2-1/2